Word Ladder: Modern Artist Quiz Stats

 Plays Quiz Updated Oct 17, 2017

Score 0/12 Timer 01:30
0 Plays Today
Hint 5-Letter Word % Correct
Loan, card, or hammerheadSHARK
94.5%
Bell’s inventionPHONE
93.7%
Rickety cottageSHACK
91.1%
Remove the husk, as for cornSHUCK
86.6%
Lying downPRONE
86%
ApportionSHARE
81.2%
RadiatedSHONE
81.1%
Withered old womanCRONE
80.6%
Exact copyCLONE
80.5%
Prop or support (with 'up')SHORE
75.3%
[First rung] _____: Quadriplegic photorealistic painter
or, Nearby
●CLOSE●
73.4%
_____ [Last rung]: Quadriplegic photorealistic painter
or, Toss away
●CHUCK●
73%

Today's Daily Dose

Missing Word
Arizona A-Z

Word Ladder
Greek Letters II

Get the Picture
US National Parks

You're not logged in!

Compare scores with friends on all Sporcle quizzes.
OR
Log In

You Might Also Like...

Show Comments

Extras

Top Quizzes Today


Score Distribution

Your Account Isn't Verified!

In order to create a playlist on Sporcle, you need to verify the email address you used during registration. Go to your Sporcle Settings to finish the process.

Report this User

Report this user for behavior that violates our Community Guidelines.

Details: